El sueño de Pepito.

Gespeichert in:
Bibliographische Detailangaben
Format: keine Angabe
Sprache:Spanisch
Erschienen: Barcelona Ramón Sopena 1930
Katalog:MANES:  Suchergebnis im Bibliothekskatalog
Schulbuchspezifische Eigenschaften:
Schriftenreihe:Biblioteca Selecta
Tags: Tag hinzufügen
Keine Tags, Fügen Sie den ersten Tag hinzu!
Hinzugefügt zu:26.04.2016
Geändert in:07.05.2025

MARC

LEADER 000000000a22000000004500
001 06669
003 OSt
005 20250507133304.0
008 160427s sp ||||| |||| 00| 0 spa d
040 |c centro_manes 
041 1 |a spa 
561 |5 es-CICE  |a España. Centro Internacional de la Cultura Escolar  |k MANES 
691 0 |a PRI 
245 0 0 |a El sueño de Pepito. 
260 3 |a Barcelona  |b Ramón Sopena  |c 1930 
300 |a 77 p.  |c 16,5 x 12 cm 
330 |a LXIV  |a 8 
440 |a Biblioteca Selecta  |9 2667 
500 |a Editado en Cartoné. 
690 0 |a EyL 
942 |2 ddc  |c BK 
546 |a España 
999 |c 12643  |d 12643 
999 |c manes:12643  |d 12643